000 00872nas a2200265 4500
001 BR0801365
003 BR-BrBNA
005 20231205111652.0
007 ta
008 230509b bl.|||p| |||| 00| 00por d
040 _aBR-BrBNA
_bpor
_cBiblioteca Nacional de Agricultura
041 _a(Pt)
072 _aL40
100 1 _aLeite, F.P.P.
100 1 _aLeite, P.E.P.
245 1 _aDesenvolvimento morfológico e dos ovários de Kalliapseudes Schubarti Mane-Garzon (Crustacea, Tanaidacea)do canal de São Sebastião, São Paulo, Brasil
650 _aMORFOLOGIA ANIMAL
650 _aHISTOLOGIA ANIMAL
650 _aOVARIO
650 _aCRUSTACEO
650 _aSÃO SEBASTIÃO
773 0 _tRevista Brasileira de Zoologia (Brazil)
_xISSN 0101-8175
_g(Set 1997), v. 14(3) p. 675-683
_wBR0801365
909 _a202311
_bLúcia
_c55
_dLúcia Elande
942 _2AGRIS
_n0
_cANA
999 _c193857
_d193857